Asia-Pacific Financial Markets

Na minha lista:
Detalhes bibliográficos
Formato: Periódico
Idioma:inglês
Publicado em: Cham Springer Nature Switzerland
Tags: Adicionar Tag
Sem tags, seja o primeiro a adicionar uma tag!

MARC

LEADER 00000nas1a2200000 4500
001 0269916
005 20250701092116.4
022 |a 1573-6946 
022 |a 1387-2834 
041 0 |a eng 
044 |a CH 
245 1 0 |a Asia-Pacific Financial Markets 
264 1 |a Cham  |b Springer Nature Switzerland